Human Capital (Record no. 93637)

MARC details
000 -LEADER
fixed length control field 00581nam a2200205Ia 4500
005 - DATE AND TIME OF LATEST TRANSACTION
control field 20230415113347.0
008 - FIXED-LENGTH DATA ELEMENTS--GENERAL INFORMATION
fixed length control field 230125s9999 xx 000 0 und d
020 ## - INTERNATIONAL STANDARD BOOK NUMBER
International Standard Book Number 9788178815589
041 ## - LANGUAGE CODE
Language code of text/sound track or separate title eng
082 ## - DEWEY DECIMAL CLASSIFICATION NUMBER
Classification number 658.3125
Item number RAY
100 ## - MAIN ENTRY--PERSONAL NAME
Author Ray S, Ed.
245 ## - TITLE STATEMENT
Title Human Capital
Remainder of title Accounting and Valuation
250 ## - EDITION STATEMENT
Edition statement 1st Ed.
260 ## - PUBLICATION, DISTRIBUTION, ETC.
Date of publication, distribution, etc. 2006
Name of publisher, distributor, etc. ICFAI publication
Place of publication, distribution, etc. Hyderabad
300 ## - PHYSICAL DESCRIPTION
Extent 259p
500 ## - GENERAL NOTE
Keywords Performance;ICFAI Series Book
650 ## - SUBJECT ADDED ENTRY--TOPICAL TERM
Topical term or geographic name entry element Performance;ICFAI Series Book
700 ## - ADDED ENTRY--PERSONAL NAME
Personal name Ray S, Ed. & Abhyankar M W, Donor
942 ## - ADDED ENTRY ELEMENTS (KOHA)
Koha item type Books
Holdings
Withdrawn status Lost status Damaged status Not for loan Home library Current library Date acquired Vendor Net Price Full call number Barcode Date last seen Actual Price Bill Date Koha item type Original Barcode
        Smt. Hiraben Nanavati Institute of Management & Research for Women Smt. Hiraben Nanavati Institute of Management & Research for Women 18/06/2015 Donated Book- Outside Donar 1.00 658.3125 RAY DB2017 HIMR-DB-2017 25/01/2023 1.00 25/01/2023 Donated Book DB2017